সাধারণ জ্ঞান নতুন বিশ্ব বাংলাদেশ ও আন্তর্জাতিক / (Record no. 5787)
[ view plain ]
| 000 -LEADER | |
|---|---|
| fixed length control field | 00747nam a22002177a 4500 |
| 001 - CONTROL NUMBER | |
| JCCL Control Number | 5787 |
| 003 - CONTROL NUMBER IDENTIFIER | |
| JCCL marc code | BD-JhCC |
| 005 - DATE AND TIME OF LATEST TRANSACTION | |
| control field | 20220522134022.0 |
| 008 - FIXED-LENGTH DATA ELEMENTS--GENERAL INFORMATION | |
| fixed length control field | 171218s20092016bg a|||| ||a| 000 0 ben d |
| 035 ## - SYSTEM CONTROL NUMBER | |
| system control number | (BD-JhCC)5787 |
| 040 ## - CATALOGING SOURCE | |
| Original cataloging agency | BD-JhCC |
| Modifying agency | BD-JhCC |
| 041 ## - LANGUAGE CODE | |
| Language code of Book | ben |
| 082 ## - DEWEY DECIMAL CLASSIFICATION NUMBER | |
| Classification number | 001 |
| Author mark and Year | MAM 2009 |
| 100 ## - MAIN ENTRY--PERSONAL NAME | |
| Personal name | মামুন, রেজাউল করিম |
| 245 ## - TITLE STATEMENT | |
| Title | সাধারণ জ্ঞান নতুন বিশ্ব বাংলাদেশ ও আন্তর্জাতিক / |
| Statement of responsibility, etc | রেজাউল করিম মামুন |
| 260 ## - PUBLICATION, DISTRIBUTION, ETC. (IMPRINT) | |
| Place of publication, distribution, etc | ঢাকা : |
| Name of publisher, distributor, etc | প্রফেসরস প্রকাশন, |
| Date of publication, distribution, etc | 2009. |
| 300 ## - PHYSICAL DESCRIPTION | |
| Pagination | p. : |
| Dimensions | 22 cm. |
| 650 ## - SUBJECT ADDED ENTRY--TOPICAL TERM | |
| Topical term or geographic name as entry element | General Knowledge |
| 942 ## - ADDED ENTRY ELEMENTS (KOHA) | |
| Source of classification or shelving scheme | Dewey Decimal Classification |
| Koha item type | Books |
| Koha issues (borrowed), all copies | 11 |
| Source of classification or shelving scheme | Damaged status | Not for loan | Home library | Current library | Shelving location | Date of accession | Cost, normal purchase price | Total Checkouts | Full call number | Barcode | Date last seen | Date checked out | Copy number | Koha item type |
|---|---|---|---|---|---|---|---|---|---|---|---|---|---|---|
| Dewey Decimal Classification | JCC Rouf Library | JCC Rouf Library | General Stacks | 12/21/2017 | 360.00 | 3 | 001 MAM 2009 | 8050 | 07/25/2022 | 06/09/2022 | C-1 | Books | ||
| Dewey Decimal Classification | JCC Rouf Library | JCC Rouf Library | General Stacks | 12/26/2017 | 360.00 | 001 MAM 2017 | 8681 | 12/27/2017 | C-2 | Books | ||||
| Dewey Decimal Classification | JCC Rouf Library | JCC Rouf Library | General Stacks | 02/07/2018 | 360.00 | 2 | 001 MAM 2018 | 9904 | 09/29/2019 | 09/19/2019 | C-3 | Books | ||
| Dewey Decimal Classification | JCC Rouf Library | JCC Rouf Library | General Stacks | 295.00 | 1 | 001 MAM 2009 | 10369 | 06/26/2019 | 06/22/2019 | C-4 | Books | |||
| Dewey Decimal Classification | JCC Rouf Library | JCC Rouf Library | General Stacks | 300.00 | 1 | 001 MAM 2009 | 10368 | 06/26/2019 | 06/22/2019 | C-5 | Books | |||
| Dewey Decimal Classification | JCC Rouf Library | JCC Rouf Library | General Stacks | 295.00 | 2 | 001 MAM 2009 | 10367 | 06/26/2022 | 05/22/2022 | C-6 | Books | |||
| Dewey Decimal Classification | JCC Rouf Library | JCC Rouf Library | General Stacks | 280.00 | 001 MAM 2009 | 10366 | 02/13/2018 | C-7 | Books | |||||
| Dewey Decimal Classification | JCC Rouf Library | JCC Rouf Library | General Stacks | 290.00 | 1 | 001 MAM 2009 | 10365 | 09/30/2019 | 09/16/2019 | C-8 | Books | |||
| Dewey Decimal Classification | JCC Rouf Library | JCC Rouf Library | General Stacks | 02/18/2020 | 350.00 | 1 | 001 MAM 2020 | 15749 | 03/09/2020 | 02/18/2020 | C-9 | Books |